| 000 | 00510nam a22001337a 4500 | ||
|---|---|---|---|
| 003 | SGT | ||
| 020 | _a81703790 | ||
| 082 |
_a891.4309 _bJ91B |
||
| 100 | _aबागड़ोदिया , देवी प्रसाद | ||
| 245 | _aज्योति सुधा : रूपकुंवर ज्योतिप्रसाद अग्रवाला की चुनी हुई असमिया | ||
| 260 |
_bपूर्वोदय प्रकाशन _c1991 |
||
| 300 | _a139 | ||
| 942 |
_2ddc _cBK |
||
| 999 |
_c30274 _d30274 |
||